<?xml version="1.0" encoding="UTF-8"?><?xml-stylesheet type="text/xsl" href="static/style.xsl"?><OAI-PMH xmlns="http://www.openarchives.org/OAI/2.0/" xmlns:xsi="http://www.w3.org/2001/XMLSchema-instance" xsi:schemaLocation="http://www.openarchives.org/OAI/2.0/ http://www.openarchives.org/OAI/2.0/OAI-PMH.xsd"><responseDate>2026-04-17T21:19:17Z</responseDate><request verb="GetRecord" identifier="oai:www.recercat.cat:2117/411831" metadataPrefix="marc">https://recercat.cat/oai/request</request><GetRecord><record><header><identifier>oai:recercat.cat:2117/411831</identifier><datestamp>2025-07-22T19:21:06Z</datestamp><setSpec>com_2072_1033</setSpec><setSpec>col_2072_452951</setSpec></header><metadata><record xmlns="http://www.loc.gov/MARC21/slim" xmlns:dcterms="http://purl.org/dc/terms/" xmlns:xsi="http://www.w3.org/2001/XMLSchema-instance" xmlns:doc="http://www.lyncode.com/xoai" xsi:schemaLocation="http://www.loc.gov/MARC21/slim http://www.loc.gov/standards/marcxml/schema/MARC21slim.xsd">
   <leader>00925njm 22002777a 4500</leader>
   <datafield ind2=" " ind1=" " tag="042">
      <subfield code="a">dc</subfield>
   </datafield>
   <datafield ind2=" " ind1=" " tag="720">
      <subfield code="a">Térmens Gumà, Georgina</subfield>
      <subfield code="e">author</subfield>
   </datafield>
   <datafield ind2=" " ind1=" " tag="260">
      <subfield code="c">2024-07-09</subfield>
   </datafield>
   <datafield ind2=" " ind1=" " tag="520">
      <subfield code="a">Archigram, el grup revolucionari dels anys seixanta, fa el seu sorgiment a través d’una publicació en forma de revista el 1961 on manifesten una nova generació d’arquitectura. A través de la revista, els sis integrants principals del grup, Peter Cook, David Greene, Mike Webb, Dennis Crompton, Ron Herron i Warren Chalk, comuniquen un seguit d’idees i conceptes per mitjà de representacions amb la intenció de posar en qüestió l’arquitectura del moment i obrir debat de la següent.&#xd;
&#xd;
El treball es centra en l’anàlisi i dissecció dels 10 números de la revista Archigram, compresos entre el 1961 i el 1974. Més en concret, es para l’ull en el format i el contingut tractat de cada una de les edicions, però sobretot en les representacions plasmades al llarg de les pàgines. Tot això per portar-nos a entendre el conjunt publicat de l’obra d’Archigram i la repercussió que va significar.&#xd;
&#xd;
Què és el que fa tan suggerents les seves representacions?</subfield>
   </datafield>
   <datafield ind2=" " ind1=" " tag="520">
      <subfield code="a">Archigram, the revolutionary group from the sixties, made its emergence through a publication in the form of a magazine in 1961 where they manifested a new generation of architecture. Through the magazine, the six main members of the group, Peter Cook, David Greene, Mike Webb, Dennis Crompton, Ron Herron and Warren Chalk, communicate a series of ideas and concepts via representations to question the architecture of the moment and open debate on the next.&#xd;
&#xd;
The work focuses on the analysis and dissection of the 10 issues of the magazine Archigram, between 1961 and 1974. More specifically, there is a focus on the format and content of each of the editions but above all on the representations expressed throughout the pages. All this led us to understand the published set of Archigram’s work and its effects.&#xd;
&#xd;
What is it that makes their representations so suggestive?</subfield>
   </datafield>
   <datafield ind2=" " ind1=" " tag="520">
      <subfield code="a">Award-winning</subfield>
   </datafield>
   <datafield tag="653" ind2=" " ind1=" ">
      <subfield code="a">Àrees temàtiques de la UPC::Arquitectura::Arquitectes</subfield>
   </datafield>
   <datafield tag="653" ind2=" " ind1=" ">
      <subfield code="a">Àrees temàtiques de la UPC::Arquitectura::Sistemes de representació arquitectònica</subfield>
   </datafield>
   <datafield tag="653" ind2=" " ind1=" ">
      <subfield code="a">Àrees temàtiques de la UPC::Arquitectura::Composició arquitectònica</subfield>
   </datafield>
   <datafield tag="653" ind2=" " ind1=" ">
      <subfield code="a">Archigram (Group) -- Criticism and interpretation</subfield>
   </datafield>
   <datafield tag="653" ind2=" " ind1=" ">
      <subfield code="a">Architecture -- Periodicals -- Great Britain -- 20th century -- History</subfield>
   </datafield>
   <datafield tag="653" ind2=" " ind1=" ">
      <subfield code="a">Architectural rendering</subfield>
   </datafield>
   <datafield tag="653" ind2=" " ind1=" ">
      <subfield code="a">Archigram</subfield>
   </datafield>
   <datafield tag="653" ind2=" " ind1=" ">
      <subfield code="a">Revista d’arquitectura</subfield>
   </datafield>
   <datafield tag="653" ind2=" " ind1=" ">
      <subfield code="a">Representació gràfica</subfield>
   </datafield>
   <datafield tag="653" ind2=" " ind1=" ">
      <subfield code="a">Representació textual</subfield>
   </datafield>
   <datafield tag="653" ind2=" " ind1=" ">
      <subfield code="a">Anys seixanta</subfield>
   </datafield>
   <datafield tag="653" ind2=" " ind1=" ">
      <subfield code="a">Archigram (Grup) -- Crítica i interpretació</subfield>
   </datafield>
   <datafield tag="653" ind2=" " ind1=" ">
      <subfield code="a">Arquitectura -- Revistes -- Gran Bretanya -- S. XX -- Història</subfield>
   </datafield>
   <datafield tag="653" ind2=" " ind1=" ">
      <subfield code="a">Representació arquitectònica</subfield>
   </datafield>
   <datafield ind2="0" ind1="0" tag="245">
      <subfield code="a">Archigram, la revista: la representació gràfica com a suport de les idees</subfield>
   </datafield>
</record></metadata></record></GetRecord></OAI-PMH>